|
|
|
|
| LEADER |
01061nam a22002772a 4500 |
| 001 |
001120327 |
| 003 |
CZ BrMZK |
| 005 |
20110503105521.0 |
| 007 |
ta |
| 008 |
101007s1982 xr er|||||||||||cze d |
| 015 |
|
|
|a cnb000403658
|
| 035 |
|
|
|a (OCoLC)42179874
|
| 040 |
|
|
|a ABA001
|b cze
|d ABA001
|d BOA001
|
| 100 |
1 |
|
|a Nemes, Endre,
|d 1909-1985
|7 jn20000701310
|4 art
|
| 245 |
1 |
0 |
|a Endre Nemes :
|b výběr z tvorby 1926-1981 : Valdštejnská jízdárna, květen-červen 1982 : katalog výstavy /
|c úvodní stati katalogu napsali Jiří Mašín, Endre Nemes, Peter Weiss
|
| 260 |
|
|
|a Praha :
|b Národní galerie,
|c 1982
|
| 300 |
|
|
|a 71 s. ;
|c 24 cm
|
| 490 |
1 |
|
|a Profily a přehledy ;
|v 43
|
| 700 |
1 |
|
|a Mašín, Jiří,
|d 1923-1991
|7 jk01080580
|4 wfw
|
| 700 |
1 |
|
|a Weiss, Peter,
|d 1916-1982
|7 jn20000703395
|4 wfw
|
| 710 |
2 |
|
|a Valdštejnská jízdárna
|7 mzk2007378430
|
| 830 |
|
0 |
|a Profily a přehledy
|0 s
|
| 910 |
|
|
|a BOA001
|b 2-0849.354
|
| 990 |
|
|
|a BK
|
| 991 |
|
|
|b 201010
|
| 996 |
6 |
|
|b 2619362051
|c 2-0849.354
|l MZK
|r Sklad / do 1 hodiny
|n 1
|w 001148308
|u 000010
|a 1
|e BOA001
|j MZK50
|s P
|